[Event "Deutsche Ländermeisterschaft 2020"]
[Site "Berlin GER"]
[Date "2020.10.01"]
[Round "3"]
[White "Berghold, Lotta"]
[Black "Schreidl, Michael"]
[Result "0-1"]
[Termination "normal"]
[Board "2.7"]
[WhiteElo "1411"]
[BlackElo "1640"]
[WhiteClock "00:15:40"]
[BlackClock "00:32:13"]
[WhiteTeam "Berlin"]
[BlackTeam "Rheinland-Pfalz"]
[PlyCount "94"]
[WhiteFideId "16243463"]
[BlackFideId "16265750"]
[EventCountry "GER"]
[EventRounds "7"]
[EventType "team-swiss"]
[EventDate "2020.09.29"]

1. d4 {[%clk 1:30:56]} d5 {[%clk 1:30:56]} 2. Nf3 {[%clk 1:31:21]} Nf6 {[%clk
1:31:21]} 3. e3 {[%clk 1:31:48]} e6 {[%clk 1:31:33]} 4. Bd3 {[%clk 1:32:11]}
Be7 {[%clk 1:30:41]} 5. Nbd2 {[%clk 1:32:14]} Nbd7 {[%clk 1:30:18]} 6. O-O
{[%clk 1:32:35]} O-O {[%clk 1:29:52]} 7. c3 {[%clk 1:29:35]} c5 {[%clk
1:24:21]} 8. Qe2 {[%clk 1:27:02]} Re8 {[%clk 1:17:50]} 9. e4 {[%clk 1:22:42]}
dxe4 {[%clk 1:15:19]} 10. Nxe4 {[%clk 1:21:38]} Nxe4 {[%clk 1:15:24]} 11. Bxe4
{[%clk 1:21:59]} Nf6 {[%clk 1:11:30]} 12. Bc2 {[%clk 1:20:48]} cxd4 {[%clk
1:08:17]} 13. Nxd4 {[%clk 1:20:04]} a6 {[%clk 1:03:43]} 14. Bg5 {[%clk
1:09:52]} Nd5 {[%clk 0:52:16]} 15. Bxe7 {[%clk 1:09:10]} Qxe7 {[%clk 0:52:08]}
16. Qf3 {[%clk 1:04:03]} g6 {[%clk 0:44:46]} 17. Rfe1 {[%clk 1:01:37]} b5
{[%clk 0:37:59]} 18. Rad1 {[%clk 0:50:21]} Bb7 {[%clk 0:35:46]} 19. Be4 {[%clk
0:46:59]} f5 {[%clk 0:30:45]} 20. Bb1 {[%clk 0:18:51]} Qf7 {[%clk 0:28:14]} 21.
Ne2 {[%clk 0:12:18]} e5 {[%clk 0:25:43]} 22. Qd3 {[%clk 0:08:39]} Rad8 {[%clk
0:19:54]} 23. Qg3 {[%clk 0:06:46]} f4 {[%clk 0:15:45]} 24. Qg5 {[%clk 0:05:50]}
Kg7 {[%clk 0:15:05]} 25. Be4 {[%clk 0:03:26]} h6 {[%clk 0:14:47]} 26. Bxd5
{[%clk 0:01:23]} Bxd5 {[%clk 0:14:38]} 27. Qg4 {[%clk 0:01:20]} Be6 {[%clk
0:14:42]} 28. Qf3 {[%clk 0:01:38]} Bd5 {[%clk 0:11:29]} 29. Qg4 {[%clk
0:00:56]} f3 {[%clk 0:10:40]} 30. Ng3 {[%clk 0:00:59]} fxg2 {[%clk 0:10:56]}
31. Ne4 {[%clk 0:00:44]} Qf4 {[%clk 0:05:12]} 32. Qxf4 {[%clk 0:00:38]} exf4
{[%clk 0:05:34]} 33. f3 {[%clk 0:00:36]} Bxe4 {[%clk 0:04:42]} 34. Rxd8 {[%clk
0:00:55]} Rxd8 {[%clk 0:05:02]} 35. Rxe4 {[%clk 0:00:44]} Rd1+ {[%clk 0:04:05]}
36. Kxg2 {[%clk 0:01:02]} Rd2+ {[%clk 0:04:33]} 37. Kh3 {[%clk 0:01:12]} Rxb2
{[%clk 0:04:37]} 38. a4 {[%clk 0:00:32]} g5 {[%clk 0:03:11]} 39. axb5 {[%clk
0:00:37]} axb5 {[%clk 0:03:29]} 40. Rd4 {[%clk 0:00:47]} Rc2 {[%clk 0:03:25]}
41. Rd3 {[%clk 0:00:42]} Kg6 {[%clk 0:03:33]} 42. Rd6+ {[%clk 0:27:11]} Kh5
{[%clk 0:32:56]} 43. Rd3 {[%clk 0:27:17]} Re2 {[%clk 0:31:37]} 44. c4 {[%clk
0:15:26]} bxc4 {[%clk 0:31:52]} 45. Rd5 {[%clk 0:15:13]} Re3 {[%clk 0:31:31]}
46. Kg2 {[%clk 0:15:30]} c3 {[%clk 0:31:50]} 47. Rd1 {[%clk 0:15:40]} Re2+
{[%clk 0:32:13]} 0-1

[Event "Deutsche Ländermeisterschaft 2020"]
[Site "Berlin GER"]
[Date "2020.10.01"]
[Round "3"]
[White "Knüdel, Torben"]
[Black "Schmider, Niklas"]
[Result "1-0"]
[Termination "normal"]
[Board "3.2"]
[BlackTitle "FM"]
[WhiteElo "2211"]
[BlackElo "2291"]
[WhiteClock "00:02:25"]
[BlackClock "00:00:35"]
[WhiteTeam "Niedersachsen"]
[BlackTeam "Baden"]
[PlyCount "72"]
[WhiteFideId "16208820"]
[BlackFideId "12993778"]
[EventCountry "GER"]
[EventRounds "7"]
[EventType "team-swiss"]
[EventDate "2020.09.29"]

1. e4 {[%clk 1:30:56]} c5 {[%clk 1:30:55]} 2. Nf3 {[%clk 1:31:22]} d6 {[%clk
1:31:19]} 3. d4 {[%clk 1:31:50]} cxd4 {[%clk 1:31:42]} 4. Nxd4 {[%clk 1:32:16]}
Nf6 {[%clk 1:32:02]} 5. Nc3 {[%clk 1:32:43]} a6 {[%clk 1:32:26]} 6. Bg5 {[%clk
1:33:10]} Nbd7 {[%clk 1:32:49]} 7. Qe2 {[%clk 1:33:36]} h6 {[%clk 1:33:13]} 8.
Bxf6 {[%clk 1:34:03]} Nxf6 {[%clk 1:33:18]} 9. O-O-O {[%clk 1:34:28]} Qa5
{[%clk 1:22:39]} 10. Kb1 {[%clk 1:32:47]} e6 {[%clk 1:17:28]} 11. f4 {[%clk
1:32:05]} Be7 {[%clk 1:12:43]} 12. g4 {[%clk 1:31:47]} Nd7 {[%clk 1:07:28]} 13.
h4 {[%clk 1:20:30]} Nc5 {[%clk 0:55:20]} 14. Rh3 {[%clk 1:12:56]} Bd7 {[%clk
0:42:02]} 15. f5 {[%clk 1:03:21]} O-O-O {[%clk 0:37:42]} 16. a3 {[%clk
1:01:25]} Kb8 {[%clk 0:33:21]} 17. e5 {[%clk 0:52:41]} d5 {[%clk 0:29:24]} 18.
Bg2 {[%clk 0:46:39]} Na4 {[%clk 0:26:13]} 19. Nxa4 {[%clk 0:43:07]} Qxa4 {[%clk
0:26:23]} 20. Rb3 {[%clk 0:31:44]} Rc8 {[%clk 0:23:06]} 21. g5 {[%clk 0:28:49]}
hxg5 {[%clk 0:22:16]} 22. hxg5 {[%clk 0:29:05]} Rh4 {[%clk 0:21:15]} 23. Qf2
{[%clk 0:28:24]} Bxg5 {[%clk 0:11:04]} 24. Nf3 {[%clk 0:23:20]} Rhc4 {[%clk
0:07:03]} 25. Nxg5 {[%clk 0:20:45]} Rxc2 {[%clk 0:07:24]} 26. Qb6 {[%clk
0:21:04]} Bb5 {[%clk 0:06:50]} 27. Rxd5 {[%clk 0:11:50]} exd5 {[%clk 0:01:27]}
28. Bxd5 {[%clk 0:12:07]} R8c7 {[%clk 0:01:23]} 29. e6 {[%clk 0:10:29]} Qf4
{[%clk 0:00:34]} 30. exf7 {[%clk 0:06:43]} Qxf5 {[%clk 0:00:55]} 31. Ne4 {[%clk
0:05:55]} Rc1+ {[%clk 0:00:36]} 32. Ka2 {[%clk 0:06:15]} Qf1 {[%clk 0:00:58]}
33. Rxb5 {[%clk 0:03:26]} axb5 {[%clk 0:01:18]} 34. Nf2 {[%clk 0:03:34]} Rxf7
{[%clk 0:00:34]} 35. Bxf7 {[%clk 0:03:40]} Rc7 {[%clk 0:00:35]} 36. Qd4 {[%clk
0:02:25]} Ka8 1-0

[Event "Deutsche Ländermeisterschaft 2020"]
[Site "Berlin GER"]
[Date "2020.10.01"]
[Round "3"]
[White "Wu, Luka"]
[Black "Stelmaszyk, Nico"]
[Result "1/2-1/2"]
[Termination "normal"]
[Board "3.3"]
[BlackTitle "FM"]
[WhiteElo "2019"]
[BlackElo "2301"]
[WhiteClock "00:09:56"]
[BlackClock "00:05:42"]
[WhiteTeam "Baden"]
[BlackTeam "Niedersachsen"]
[PlyCount "80"]
[WhiteFideId "12977420"]
[BlackFideId "16200462"]
[EventCountry "GER"]
[EventRounds "7"]
[EventType "team-swiss"]
[EventDate "2020.09.29"]

1. e4 c5 2. Nf3 Nc6 3. d4 cxd4 4. Nxd4 Nf6 5. Nc3 e5 6. Ndb5 d6 7. Bg5 {[%clk
1:33:18]} a6 {[%clk 1:33:21]} 8. Na3 {[%clk 1:32:59]} b5 {[%clk 1:33:44]} 9.
Bxf6 {[%clk 1:31:50]} gxf6 {[%clk 1:34:08]} 10. Nd5 {[%clk 1:32:15]} Bg7 {[%clk
1:34:20]} 11. c3 {[%clk 1:22:15]} f5 {[%clk 1:34:29]} 12. Bd3 {[%clk 1:22:23]}
Be6 {[%clk 1:34:17]} 13. Nxb5 {[%clk 1:20:33]} axb5 {[%clk 1:34:40]} 14. Bxb5
{[%clk 1:20:59]} Bd7 {[%clk 1:33:00]} 15. exf5 {[%clk 1:21:19]} O-O {[%clk
1:33:00]} 16. Qg4 {[%clk 1:21:19]} Kh8 {[%clk 1:33:00]} 17. Qe4 {[%clk
1:21:19]} Qb8 {[%clk 1:17:11]} 18. c4 {[%clk 1:04:03]} Bxf5 {[%clk 1:11:10]}
19. Qxf5 {[%clk 0:57:13]} Nd4 {[%clk 1:11:10]} 20. Qb1 {[%clk 0:48:38]} Nxb5
{[%clk 1:10:01]} 21. cxb5 {[%clk 0:48:38]} Qxb5 {[%clk 1:10:01]} 22. Nc3 {[%clk
0:48:38]} Qc4 {[%clk 1:10:01]} 23. Qe4 {[%clk 0:48:38]} Qxe4+ {[%clk 1:10:01]}
24. Nxe4 {[%clk 0:48:38]} d5 {[%clk 1:10:01]} 25. Ng3 {[%clk 0:48:38]} Rfb8
{[%clk 1:05:49]} 26. O-O {[%clk 0:30:20]} Rxb2 {[%clk 1:06:12]} 27. a4 {[%clk
0:29:56]} Ra5 {[%clk 0:56:04]} 28. Rfc1 {[%clk 0:29:11]} h6 {[%clk 0:55:13]}
29. Nh5 {[%clk 0:25:29]} Rb4 {[%clk 0:54:49]} 30. f3 {[%clk 0:25:29]} Kh7
{[%clk 0:54:49]} 31. g4 {[%clk 0:25:29]} Bh8 {[%clk 0:25:22]} 32. Rc7 {[%clk
0:12:55]} e4 {[%clk 0:11:21]} 33. Rac1 {[%clk 0:10:44]} exf3 {[%clk 0:10:23]}
34. Rxf7+ {[%clk 0:10:50]} Kg6 {[%clk 0:10:47]} 35. Rxf3 {[%clk 0:11:06]} Be5
{[%clk 0:07:53]} 36. Ng3 {[%clk 0:10:41]} Kg7 37. Rc6 {[%clk 0:10:15]} Rxg4 38.
Rb3 {[%clk 0:10:15]} Ra7 {[%clk 0:05:42]} 39. a5 {[%clk 0:09:56]} Bxg3 {[%clk
0:05:42]} 40. hxg3 {[%clk 0:09:56]} Ra4 {[%clk 0:05:42]} 1/2-1/2

[Event "Deutsche Ländermeisterschaft 2020"]
[Site "Berlin GER"]
[Date "2020.10.01"]
[Round "3"]
[White "Basovskiy, Jana"]
[Black "Hommer, Jeremy"]
[Result "0-1"]
[Termination "normal"]
[Board "3.5"]
[WhiteElo "1760"]
[BlackElo "2246"]
[WhiteClock "00:20:30"]
[BlackClock "00:26:23"]
[WhiteTeam "Baden"]
[BlackTeam "Niedersachsen"]
[PlyCount "92"]
[WhiteFideId "16208617"]
[BlackFideId "12992577"]
[EventCountry "GER"]
[EventRounds "7"]
[EventType "team-swiss"]
[EventDate "2020.09.29"]

1. e4 {[%clk 1:30:58]} e6 {[%clk 1:30:50]} 2. d3 {[%clk 1:30:54]} d5 {[%clk
1:31:12]} 3. Nd2 {[%clk 1:31:19]} Nf6 {[%clk 1:31:30]} 4. c3 {[%clk 1:28:11]}
c5 {[%clk 1:29:39]} 5. g3 {[%clk 1:26:46]} Nc6 {[%clk 1:29:11]} 6. Bg2 {[%clk
1:26:43]} Be7 {[%clk 1:29:21]} 7. Ngf3 {[%clk 1:24:33]} b6 {[%clk 1:29:22]} 8.
O-O {[%clk 1:19:40]} Bb7 {[%clk 1:29:29]} 9. Qe2 {[%clk 1:17:01]} Qc7 {[%clk
1:27:27]} 10. Re1 {[%clk 1:07:35]} O-O-O {[%clk 1:09:35]} 11. exd5 {[%clk
0:37:41]} exd5 {[%clk 1:00:49]} 12. d4 {[%clk 0:36:47]} Rhe8 {[%clk 0:59:44]}
13. Qd3 {[%clk 0:33:00]} Bd6 {[%clk 0:48:33]} 14. Rxe8 {[%clk 0:27:47]} Rxe8
{[%clk 0:48:53]} 15. Nf1 {[%clk 0:26:52]} cxd4 {[%clk 0:44:55]} 16. cxd4 {[%clk
0:19:01]} Nb4 {[%clk 0:41:21]} 17. Qf5+ Kb8 {[%clk 0:36:22]} 18. Be3 {[%clk
0:15:02]} Nc2 {[%clk 0:27:25]} 19. Rd1 {[%clk 0:12:48]} Nxe3 {[%clk 0:25:49]}
20. Nxe3 {[%clk 0:13:09]} Qe7 {[%clk 0:19:09]} 21. Qd3 {[%clk 0:11:35]} g6
{[%clk 0:19:18]} 22. Rc1 {[%clk 0:11:25]} Ne4 {[%clk 0:19:15]} 23. Qb3 {[%clk
0:07:22]} Qe6 {[%clk 0:17:53]} 24. Nf1 {[%clk 0:03:52]} f5 {[%clk 0:17:36]} 25.
N1d2 {[%clk 0:03:07]} Qf6 {[%clk 0:16:13]} 26. Qd3 {[%clk 0:02:51]} h5 {[%clk
0:15:51]} 27. Re1 {[%clk 0:01:18]} Re7 {[%clk 0:14:19]} 28. Nf1 {[%clk
0:01:00]} g5 {[%clk 0:12:39]} 29. Rc1 {[%clk 0:01:15]} f4 {[%clk 0:10:18]} 30.
Qd1 {[%clk 0:00:35]} g4 {[%clk 0:08:20]} 31. Ne1 fxg3 {[%clk 0:07:22]} 32. fxg3
{[%clk 0:01:00]} Qf2+ {[%clk 0:06:59]} 33. Kh1 {[%clk 0:01:30]} Ba6 {[%clk
0:07:18]} 34. Nc2 {[%clk 0:00:51]} Bxf1 {[%clk 0:04:23]} 35. Qxf1 {[%clk
0:00:48]} Qd2 {[%clk 0:04:46]} 36. Bxe4 {[%clk 0:00:41]} Rxe4 {[%clk 0:05:00]}
37. Qd1 {[%clk 0:00:42]} Qa5 {[%clk 0:03:28]} 38. a3 {[%clk 0:00:40]} Qb5
{[%clk 0:03:13]} 39. b4 {[%clk 0:00:48]} Qe8 {[%clk 0:03:14]} 40. Qf1 {[%clk
0:00:40]} Re2 {[%clk 0:01:29]} 41. Qf5 {[%clk 0:29:38]} Qe4+ {[%clk 0:27:30]}
42. Qxe4 {[%clk 0:29:21]} dxe4 {[%clk 0:27:59]} 43. Kg1 {[%clk 0:26:02]} h4
{[%clk 0:27:08]} 44. Ne1 {[%clk 0:23:08]} hxg3 {[%clk 0:26:21]} 45. hxg3 {[%clk
0:23:59]} Bxg3 {[%clk 0:26:55]} 46. Kf1 {[%clk 0:20:30]} Rxe1+ {[%clk 0:26:23]}
0-1

[Event "Deutsche Ländermeisterschaft 2020"]
[Site "Berlin GER"]
[Date "2020.10.01"]
[Round "3"]
[White "Mönster, Madita"]
[Black "Schulz, Hannah"]
[Result "1-0"]
[Termination "normal"]
[Board "3.6"]
[WhiteElo "1918"]
[BlackElo "1589"]
[WhiteClock "00:05:31"]
[BlackClock "00:23:49"]
[WhiteTeam "Niedersachsen"]
[BlackTeam "Baden"]
[PlyCount "119"]
[WhiteFideId "12947156"]
[BlackFideId "16244745"]
[EventCountry "GER"]
[EventRounds "7"]
[EventType "team-swiss"]
[EventDate "2020.09.29"]

1. e4 {[%clk 1:30:56]} c6 {[%clk 1:30:39]} 2. Nc3 {[%clk 1:31:13]} d5 {[%clk
1:30:58]} 3. Nf3 {[%clk 1:31:33]} dxe4 {[%clk 1:31:16]} 4. Nxe4 {[%clk
1:31:53]} Nf6 {[%clk 1:31:13]} 5. Qe2 {[%clk 1:32:05]} Nxe4 {[%clk 1:30:34]} 6.
Qxe4 {[%clk 1:32:29]} Nd7 {[%clk 1:30:31]} 7. Bc4 {[%clk 1:32:33]} Nf6 {[%clk
1:30:40]} 8. Ne5 {[%clk 1:32:00]} e6 {[%clk 1:30:16]} 9. Qe2 {[%clk 1:32:16]}
Bd6 {[%clk 1:30:03]} 10. d4 {[%clk 1:31:58]} O-O {[%clk 1:28:57]} 11. O-O
{[%clk 1:32:10]} Qc7 {[%clk 1:25:20]} 12. Re1 {[%clk 1:27:51]} c5 {[%clk
1:21:08]} 13. dxc5 {[%clk 1:18:49]} Bxc5 {[%clk 1:20:05]} 14. Bd3 {[%clk
1:16:07]} Bd7 {[%clk 1:16:35]} 15. Bg5 {[%clk 1:05:53]} Nd5 {[%clk 1:10:30]}
16. Qe4 {[%clk 0:56:03]} f5 {[%clk 1:08:40]} 17. Qe2 {[%clk 0:54:38]} Rae8
{[%clk 1:06:51]} 18. a3 {[%clk 0:50:48]} Bd4 {[%clk 1:06:48]} 19. c4 {[%clk
0:49:31]} Bxe5 {[%clk 1:05:46]} 20. Qxe5 {[%clk 0:49:26]} Qxe5 {[%clk 1:06:08]}
21. Rxe5 {[%clk 0:49:50]} Nf6 {[%clk 1:05:07]} 22. h3 {[%clk 0:44:01]} h6
{[%clk 1:02:42]} 23. Bd2 {[%clk 0:42:20]} Bc6 {[%clk 1:01:11]} 24. Bb4 {[%clk
0:40:08]} Rf7 {[%clk 1:00:37]} 25. Rae1 {[%clk 0:38:43]} Bd7 {[%clk 0:57:57]}
26. Bc3 {[%clk 0:36:36]} Rc8 {[%clk 0:54:54]} 27. R5e2 {[%clk 0:33:49]} Nh5
{[%clk 0:50:56]} 28. Be5 {[%clk 0:31:48]} g5 {[%clk 0:50:00]} 29. g3 {[%clk
0:25:18]} Ng7 {[%clk 0:45:18]} 30. b4 {[%clk 0:23:19]} b6 {[%clk 0:44:12]} 31.
Rd2 {[%clk 0:21:42]} Kf8 {[%clk 0:36:41]} 32. c5 {[%clk 0:19:25]} bxc5 {[%clk
0:36:02]} 33. Bd6+ {[%clk 0:19:34]} Ke8 {[%clk 0:36:09]} 34. Bxc5 {[%clk
0:19:44]} Rc7 {[%clk 0:35:14]} 35. Rc2 {[%clk 0:16:19]} Bc6 {[%clk 0:33:53]}
36. Bd6 {[%clk 0:12:25]} Rc8 {[%clk 0:33:48]} 37. Ba6 {[%clk 0:10:08]} Kd7
{[%clk 0:31:40]} 38. Bxc8+ {[%clk 0:06:03]} Kxd6 {[%clk 0:31:41]} 39. Rec1
{[%clk 0:04:11]} Bd5 {[%clk 0:31:14]} 40. Ba6 {[%clk 0:02:24]} Ne8 {[%clk
0:28:33]} 41. Bc4 {[%clk 0:01:07]} Nf6 {[%clk 0:26:53]} 42. Bxd5 {[%clk
0:30:09]} exd5 {[%clk 0:56:42]} 43. Rc6+ {[%clk 0:27:20]} Ke5 {[%clk 0:56:44]}
44. Rc7 {[%clk 0:25:57]} Rf8 {[%clk 0:56:34]} 45. Rxa7 {[%clk 0:24:45]} d4
{[%clk 0:56:31]} 46. f3 {[%clk 0:21:46]} Nd5 {[%clk 0:55:50]} 47. Kf2 {[%clk
0:21:16]} f4 {[%clk 0:55:46]} 48. g4 {[%clk 0:20:43]} d3 {[%clk 0:55:21]} 49.
Ke1 {[%clk 0:18:49]} Kd4 {[%clk 0:54:11]} 50. Kd2 {[%clk 0:16:22]} Re8 {[%clk
0:52:36]} 51. Rd7 {[%clk 0:11:25]} Re2+ {[%clk 0:49:22]} 52. Kd1 {[%clk
0:11:49]} Rh2 {[%clk 0:37:19]} 53. Rc5 {[%clk 0:08:01]} Ke3 {[%clk 0:32:39]}
54. Kc1 {[%clk 0:07:47]} Nf6 {[%clk 0:24:42]} 55. Re5+ {[%clk 0:07:20]} Ne4
{[%clk 0:23:30]} 56. Rxe4+ {[%clk 0:06:39]} Kxf3 {[%clk 0:23:54]} 57. Re1
{[%clk 0:06:13]} Rc2+ {[%clk 0:23:40]} 58. Kd1 {[%clk 0:05:53]} Rc3 {[%clk
0:23:40]} 59. Kd2 {[%clk 0:05:38]} Rxa3 {[%clk 0:23:49]} 60. Rxd3+ {[%clk
0:05:31]} 1-0

[Event "Deutsche Ländermeisterschaft 2020"]
[Site "Berlin GER"]
[Date "2020.10.01"]
[Round "3"]
[White "Wilmink, Anna"]
[Black "Haug, Mara"]
[Result "1-0"]
[Termination "normal"]
[Board "3.8"]
[WhiteElo "1608"]
[BlackElo "1366"]
[WhiteClock "00:27:55"]
[BlackClock "00:02:17"]
[WhiteTeam "Niedersachsen"]
[BlackTeam "Baden"]
[PlyCount "75"]
[WhiteFideId "16273680"]
[BlackFideId "16259300"]
[EventCountry "GER"]
[EventRounds "7"]
[EventType "team-swiss"]
[EventDate "2020.09.29"]

1. e4 {[%clk 1:30:56]} c5 {[%clk 1:30:55]} 2. Nf3 {[%clk 1:31:22]} Nc6 {[%clk
1:31:15]} 3. d4 {[%clk 1:31:48]} cxd4 {[%clk 1:31:41]} 4. Nxd4 {[%clk 1:32:14]}
g6 {[%clk 1:32:07]} 5. Nc3 {[%clk 1:32:34]} Bg7 {[%clk 1:32:31]} 6. Be3 {[%clk
1:32:58]} Nf6 {[%clk 1:32:57]} 7. Bc4 {[%clk 1:33:15]} Qa5 {[%clk 1:33:23]} 8.
O-O {[%clk 1:28:53]} O-O {[%clk 1:33:22]} 9. Bb3 {[%clk 1:28:15]} d6 {[%clk
1:31:29]} 10. f3 {[%clk 1:27:42]} Bd7 {[%clk 1:27:51]} 11. Qd2 {[%clk 1:26:34]}
Rfe8 {[%clk 1:23:41]} 12. h3 {[%clk 1:25:13]} a6 {[%clk 1:17:28]} 13. Rad1
{[%clk 1:23:15]} Qc7 {[%clk 1:09:15]} 14. f4 {[%clk 1:21:02]} Na5 {[%clk
0:47:24]} 15. f5 {[%clk 1:17:23]} Nxb3 {[%clk 0:46:30]} 16. axb3 {[%clk
1:17:23]} Bc6 17. fxg6 {[%clk 1:13:55]} fxg6 {[%clk 0:40:06]} 18. Ne6 {[%clk
1:11:32]} Qd7 {[%clk 0:34:10]} 19. Nxg7 {[%clk 1:11:05]} Kxg7 {[%clk 0:34:32]}
20. Nd5 {[%clk 1:08:53]} Bxd5 {[%clk 0:28:15]} 21. exd5 {[%clk 1:07:58]} Kg8
{[%clk 0:25:22]} 22. Bh6 {[%clk 1:04:06]} Rac8 {[%clk 0:22:43]} 23. c4 {[%clk
1:02:37]} Qc7 {[%clk 0:21:58]} 24. Qc3 {[%clk 0:57:58]} b5 {[%clk 0:20:17]} 25.
Rc1 {[%clk 0:54:31]} Qd8 {[%clk 0:15:13]} 26. g4 {[%clk 0:52:29]} Qd7 {[%clk
0:12:18]} 27. Rf4 {[%clk 0:49:54]} Rc5 {[%clk 0:10:44]} 28. Rcf1 {[%clk
0:48:10]} Qa7 {[%clk 0:08:58]} 29. Kh1 {[%clk 0:46:38]} Rcc8 {[%clk 0:08:18]}
30. h4 {[%clk 0:44:08]} bxc4 {[%clk 0:06:41]} 31. bxc4 {[%clk 0:42:29]} Qb7
{[%clk 0:06:01]} 32. h5 {[%clk 0:41:05]} Rb8 {[%clk 0:03:27]} 33. R1f2 {[%clk
0:38:38]} Qb3 {[%clk 0:03:12]} 34. Qe1 {[%clk 0:33:15]} Qd3 {[%clk 0:01:58]}
35. Qe6+ {[%clk 0:27:39]} Kh8 {[%clk 0:02:09]} 36. Rxf6 {[%clk 0:27:16]} exf6
{[%clk 0:02:19]} 37. Qxf6+ {[%clk 0:27:34]} Kg8 {[%clk 0:02:17]} 38. Qg7#
{[%clk 0:27:55]} 1-0

[Event "Deutsche Ländermeisterschaft 2020"]
[Site "Berlin GER"]
[Date "2020.10.01"]
[Round "3"]
[White "Arndt, Magnus"]
[Black "Krastev, Alexander"]
[Result "0-1"]
[Termination "normal"]
[Board "4.1"]
[BlackTitle "FM"]
[WhiteElo "2298"]
[BlackElo "2340"]
[WhiteClock "00:01:05"]
[BlackClock "00:17:37"]
[WhiteTeam "Schleswig-Holstein"]
[BlackTeam "Nordrhein-Westfalen"]
[PlyCount "72"]
[WhiteFideId "12998656"]
[BlackFideId "12989983"]
[EventCountry "GER"]
[EventRounds "7"]
[EventType "team-swiss"]
[EventDate "2020.09.29"]

1. d4 {[%clk 1:30:51]} Nf6 {[%clk 1:30:56]} 2. Bg5 {[%clk 1:31:17]} c5 {[%clk
1:30:54]} 3. d5 {[%clk 1:31:41]} b5 {[%clk 1:30:57]} 4. Bxf6 {[%clk 1:31:21]}
exf6 {[%clk 1:30:36]} 5. e4 {[%clk 1:31:32]} a6 {[%clk 1:30:23]} 6. a4 {[%clk
1:30:10]} bxa4 {[%clk 1:30:19]} 7. Nc3 {[%clk 1:26:12]} d6 {[%clk 1:30:13]} 8.
Bd3 {[%clk 1:25:44]} g6 {[%clk 1:30:26]} 9. Nf3 {[%clk 1:19:11]} Bg7 {[%clk
1:30:09]} 10. O-O {[%clk 1:18:34]} O-O {[%clk 1:30:36]} 11. Nd2 {[%clk
1:14:15]} Nd7 {[%clk 1:29:53]} 12. f4 {[%clk 0:56:09]} Nb6 {[%clk 1:22:45]} 13.
Nxa4 {[%clk 0:44:57]} Nxa4 {[%clk 1:18:55]} 14. Rxa4 {[%clk 0:44:48]} Bd7
{[%clk 1:18:10]} 15. Ra2 {[%clk 0:43:36]} Bb5 {[%clk 1:17:45]} 16. Qf3 {[%clk
0:31:02]} Re8 {[%clk 1:09:56]} 17. Rfa1 {[%clk 0:29:16]} Rb8 {[%clk 1:10:08]}
18. c3 {[%clk 0:24:12]} Qe7 {[%clk 1:00:19]} 19. g3 {[%clk 0:19:52]} Rb6 {[%clk
0:58:12]} 20. Bc4 {[%clk 0:15:52]} Qd7 {[%clk 0:52:47]} 21. Qd3 {[%clk
0:12:36]} h5 {[%clk 0:47:01]} 22. Kg2 {[%clk 0:10:16]} Rb7 {[%clk 0:42:21]} 23.
Ra5 {[%clk 0:09:33]} Reb8 {[%clk 0:37:56]} 24. R5a2 {[%clk 0:07:52]} Qe8 {[%clk
0:37:11]} 25. Ra5 {[%clk 0:06:41]} f5 {[%clk 0:26:38]} 26. exf5 {[%clk
0:03:07]} Bd7 {[%clk 0:27:00]} 27. fxg6 {[%clk 0:01:01]} fxg6 {[%clk 0:27:29]}
28. b3 {[%clk 0:00:40]} Bf5 {[%clk 0:27:46]} 29. Qf3 {[%clk 0:00:58]} Re7
{[%clk 0:28:08]} 30. R5a2 {[%clk 0:00:36]} Re3 {[%clk 0:28:06]} 31. Qf1 {[%clk
0:00:48]} Bxc3 {[%clk 0:28:04]} 32. Rd1 {[%clk 0:01:02]} Qd7 {[%clk 0:22:47]}
33. Kh1 {[%clk 0:00:46]} Rbe8 {[%clk 0:23:06]} 34. Qf2 {[%clk 0:00:34]} Bd4
{[%clk 0:21:55]} 35. Nf1 {[%clk 0:00:37]} Be4+ {[%clk 0:17:15]} 36. Kg1 {[%clk
0:01:05]} Rf3 {[%clk 0:17:37]} 0-1

[Event "Deutsche Ländermeisterschaft 2020"]
[Site "Berlin GER"]
[Date "2020.10.01"]
[Round "3"]
[White "Khachatryan, Taron"]
[Black "Gallasch, Jonas"]
[Result "1/2-1/2"]
[Termination "normal"]
[Board "4.3"]
[WhiteElo "2136"]
[BlackElo "2090"]
[WhiteClock "00:35:23"]
[BlackClock "00:01:50"]
[WhiteTeam "Schleswig-Holstein"]
[BlackTeam "Nordrhein-Westfalen"]
[PlyCount "91"]
[WhiteFideId "16216598"]
[BlackFideId "16222474"]
[EventCountry "GER"]
[EventRounds "7"]
[EventType "team-swiss"]
[EventDate "2020.09.29"]

1. d4 {[%clk 1:30:51]} Nf6 {[%clk 1:30:48]} 2. c4 {[%clk 1:30:38]} g6 {[%clk
1:30:35]} 3. Nf3 {[%clk 1:31:01]} Bg7 {[%clk 1:30:57]} 4. g3 {[%clk 1:31:07]}
O-O {[%clk 1:29:05]} 5. Bg2 {[%clk 1:31:29]} c5 {[%clk 1:28:18]} 6. Nc3 {[%clk
1:31:24]} cxd4 {[%clk 1:25:26]} 7. Nxd4 {[%clk 1:31:20]} Nc6 {[%clk 1:25:48]}
8. O-O {[%clk 1:31:39]} Nxd4 {[%clk 1:26:09]} 9. Qxd4 {[%clk 1:31:58]} d6
{[%clk 1:26:37]} 10. Qh4 {[%clk 1:28:50]} Rb8 {[%clk 1:18:50]} 11. Bg5 {[%clk
1:27:00]} Re8 {[%clk 1:06:24]} 12. Rfd1 {[%clk 1:22:02]} Qb6 {[%clk 0:48:45]}
13. Bf3 {[%clk 1:01:12]} Qxb2 {[%clk 0:36:33]} 14. Bd2 {[%clk 0:56:30]} Bf5
{[%clk 0:29:38]} 15. e4 {[%clk 0:50:45]} Bd7 {[%clk 0:28:24]} 16. c5 {[%clk
0:46:18]} Bc6 {[%clk 0:24:16]} 17. cxd6 {[%clk 0:45:54]} exd6 {[%clk 0:24:36]}
18. Rab1 {[%clk 0:45:35]} Qa3 {[%clk 0:24:33]} 19. Rb3 {[%clk 0:45:17]} Qc5
{[%clk 0:24:44]} 20. Be3 {[%clk 0:45:33]} Qc4 {[%clk 0:22:52]} 21. Rxd6 {[%clk
0:44:28]} Nxe4 {[%clk 0:18:10]} 22. Nxe4 {[%clk 0:44:48]} Bxe4 {[%clk 0:18:19]}
23. Bxe4 {[%clk 0:45:12]} Qxe4 {[%clk 0:18:10]} 24. Qxe4 {[%clk 0:45:32]} Rxe4
{[%clk 0:18:39]} 25. Bxa7 {[%clk 0:45:46]} Ra8 {[%clk 0:16:07]} 26. Rxb7 {[%clk
0:46:06]} Rae8 {[%clk 0:04:26]} 27. Rdd7 {[%clk 0:45:28]} Bf6 {[%clk 0:04:45]}
28. Bc5 {[%clk 0:44:47]} R4e5 {[%clk 0:02:57]} 29. Rxf7 {[%clk 0:43:00]} Rxc5
{[%clk 0:03:05]} 30. Rxf6 {[%clk 0:43:25]} Rf8 {[%clk 0:03:29]} 31. Rxf8+
{[%clk 0:42:51]} Kxf8 {[%clk 0:03:54]} 32. Ra7 {[%clk 0:42:43]} h5 {[%clk
0:03:57]} 33. h4 {[%clk 0:42:57]} Kg8 {[%clk 0:04:02]} 34. Kg2 {[%clk 0:43:13]}
Rc3 {[%clk 0:04:26]} 35. Kf1 {[%clk 0:42:31]} Rc2 {[%clk 0:04:39]} 36. f3
{[%clk 0:39:03]} Rb2 {[%clk 0:04:39]} 37. f4 {[%clk 0:38:32]} Rc2 {[%clk
0:04:48]} 38. f5 {[%clk 0:38:09]} gxf5 {[%clk 0:04:29]} 39. Ra5 {[%clk
0:38:27]} f4 {[%clk 0:02:02]} 40. gxf4 {[%clk 0:38:44]} Rc4 {[%clk 0:02:04]}
41. Rf5 {[%clk 0:34:21]} Ra4 {[%clk 0:02:06]} 42. Kf2 {[%clk 0:34:40]} Rxa2+
{[%clk 0:02:32]} 43. Kf3 {[%clk 0:35:01]} Ra3+ {[%clk 0:01:46]} 44. Ke4 {[%clk
0:35:23]} Ra4+ {[%clk 0:01:33]} 45. Ke5 {[%clk 0:35:23]} Kg7 {[%clk 0:01:50]}
46. Ke4 1/2-1/2